1004 ejercicios de flexibilidad

שמור ב:
מידע ביבליוגרפי
Main Authors: Ibáñez Riestra, Ascensión (Author), Torrebadella Flix, Javier (Author)
פורמט: ספר
שפה:ספרדית
יצא לאור: Barcelona Paidotribo 2008
מהדורה:6a. ed
סדרה:Colección Deporte
נושאים:
תגים: הוספת תג
אין תגיות, היה/י הראשונ/ה לתייג את הרשומה!

MARC

LEADER 00000nam a2200000 a 4500
001 UCG3101
003 CL-VaPUC
008 100812e20080000SP |||||||||||||||||spa|d
020 |a 9788486475895 
082 0 4 |a 796.44  |b IBA  |2 21 
100 |a Ibáñez Riestra, Ascensión  |e author  |9 551964 
700 0 |a Torrebadella Flix, Javier  |e author  |9 551965 
245 1 0 |a 1004 ejercicios de flexibilidad 
250 |a 6a. ed 
300 |a 490 p 
942 |c BK 
945 |d 20100812 00:00:00  |a dcastane 
260 |a Barcelona  |b Paidotribo  |c 2008 
650 7 |a GIMNASIA  |2 CL-VaPUC  |9 307275 
650 7 |a ENTRENAMIENTO ATLETICO  |2 CL-VaPUC  |9 551966 
583 |a last modification  |c 20100812 00:00:00  |k Rodrigo Vera 
490 0 |a Colección Deporte 
999 |c 342198  |d 342196 
952 |0 0  |1 0  |4 0  |6 796_440000000000000_IBA_2008  |7 0  |8 C  |9 438251  |a BIBCUR  |b BIBCUR  |d 2019-11-22  |i 4702395  |o 796.44 IBA 2008  |p 4702395  |r 2025-04-22  |w 2019-11-22  |y BK  |k DEN